000 00391nam a22001457a 4500
005 20250312125727.0
008 250312b |||||||| |||| 00| 0 eng d
041 _aEng.
100 _aBangali, J. A
_9209040
245 _aPrinciples of Digital Electronics Sem - II F. Y. B. Sc. ( Computer Science )
250 _a1st ed.
260 _aPune
_bNirali
300 _a6.35
942 _cBK
999 _c365510
_d365510